[Event "Innsbruck op-B 3rd"]
[Site "Innsbruck"]
[Date "2019.08.25"]
[Round "1"]
[White "Lutz, Rudolf"]
[Black "Hammer, David"]
[Result "1/2-1/2"]
[WhiteElo "1670"]
[BlackElo "1902"]
[PlyCount "27"]
[EventDate "2019.08.25"]
[EventType "swiss"]
[EventRounds "9"]
[EventCountry "AUT"]
[SourceTitle "EXT 2020"]
[Source "ChessBase"]
[SourceDate "2019.10.17"]
[SourceVersion "1"]
[SourceVersionDate "2019.10.17"]
[SourceQuality "1"]

1. d4 Nf6 2. Bf4 e6 3. e3 c5 4. c3 cxd4 5. exd4 Qb6 6. Qb3 Qxb3 7. axb3 Nc6 8. Nf3 Nh5 9. Be3 Bd6 10. b4 0-0 11. b5 Ne7 12. Be2 Nf4 13. Bxf4 Bxf4 14. Nbd2 1/2-1/2

[Event "Innsbruck op-B 2nd"]
[Site "Innsbruck"]
[Date "2018.09.01"]
[Round "9"]
[White "Unger, Eva"]
[Black "Lutz, Rudolf"]
[Result "1/2-1/2"]
[WhiteElo "1746"]
[BlackElo "1709"]
[PlyCount "148"]
[EventDate "2018.08.24"]
[EventType "swiss"]
[EventRounds "9"]
[EventCountry "AUT"]
[SourceTitle "CBM 186 Extra"]
[Source "ChessBase"]
[SourceDate "2018.08.24"]
[SourceVersion "1"]
[SourceVersionDate "2018.08.24"]
[SourceQuality "1"]

1. d4 Nf6 2. Nf3 g6 3. c3 d6 4. Nbd2 Bg7 5. e4 0-0 6. Be2 b6 7. 0-0 Bb7 8. Qc2 c5 9. d5 Nbd7 10. Re1 Nh5 11. Nf1 Nhf6 12. Ng3 Ne8 13. Bf4 Bc8 14. Qd2 f6 15. Bh6 Ne5 16. Nxe5 fxe5 17. a4 Bd7 18. c4 Nf6 19. Bxg7 Kxg7 20. h3 Qe8 21. Ra3 Bxa4 22. Rea1 b5 23. b3 Bxb3 24. Rxb3 bxc4 25. Bxc4 Qf7 26. Rb7 Rfb8 27. Rxb8 Rxb8 28. Rxa7 h5 29. f3 h4 30. Nf1 Nh5 31. Qg5 Nf6 32. Qxh4 Rh8 33. Qg5 Rh5 34. Qe3 Rh7 35. Ng3 Qf8 36. Qg5 Kf7 37. Qd2 Qb8 38. Ra1 Rh4 39. Rf1 Qh8 40. Qe3 Qa8 41. Rc1 Kg7 42. Qg5 Rh7 43. f4 exf4 44. Qxf4 Nd7 45. Qg5 Nf6 46. Be2 Qa2 47. Bg4 Qb2 48. Rd1 Qb3 49. Be6 Qxd1+ 50. Kh2 Qc2 51. Nf5+ Kf8 52. Qxg6 Qxe4 53. Kg1 Qe2 54. Bg8 Qd1+ 55. Kh2 Qh5 56. Bxh7 Qxh7 57. Qxh7 Nxh7 58. Ne3 Kf7 59. Kg3 Kf6 60. Kf4 Nf8 61. Ke4 Ng6 62. Nc2 Kg5 63. g3 Ne5 64. Ne3 Nd7 65. Kd3 Ne5+ 66. Kc3 Nf3 67. g4 Ng1 68. Nf5 Kf6 69. h4 Nf3 70. h5 Ne5 71. h6 Nf7 72. h7 Nh8 73. Kc4 Kg6 74. Nxe7+ Kxh7 1/2-1/2

[Event "Innsbruck op-B 2nd"]
[Site "Innsbruck"]
[Date "2018.08.26"]
[Round "3"]
[White "Lutz, Rudolf"]
[Black "Zischg, Johannes"]
[Result "1/2-1/2"]
[WhiteElo "1709"]
[BlackElo "1674"]
[PlyCount "99"]
[EventDate "2018.08.24"]
[EventType "swiss"]
[EventRounds "9"]
[EventCountry "AUT"]
[SourceTitle "CBM 186 Extra"]
[Source "ChessBase"]
[SourceDate "2018.08.24"]
[SourceVersion "1"]
[SourceVersionDate "2018.08.24"]
[SourceQuality "1"]

1. d4 f5 2. Bf4 Nf6 3. e3 e6 4. Be2 d6 5. Nf3 Be7 6. Nbd2 0-0 7. c3 Ne4 8. Nxe4 fxe4 9. Nd2 d5 10. Qb3 Nd7 11. c4 c6 12. cxd5 exd5 13. Nxe4 Kh8 14. Ng3 Qa5+ 15. Kf1 g5 16. Be5+ Nxe5 17. dxe5 Bc5 18. Qd3 Qb6 19. b3 Bxe3 20. Ke1 Bxf2+ 21. Kd1 Qd4 22. Qxd4 Bxd4 23. Rb1 Bxe5 24. Bd3 Bg4+ 25. Ne2 Rf2 26. h3 Bxe2+ 27. Bxe2 Rxg2 28. a4 Rf8 29. Rf1 Rxf1+ 30. Bxf1 Rf2 31. Be2 Rh2 32. Bg4 Bf4 33. Bc8 b6 34. b4 Rh1+ 35. Kc2 Rxb1 36. Kxb1 Bd2 37. Bb7 Bxb4 38. Bxc6 d4 39. Kc2 a5 40. Kd3 Bc5 41. Ke4 Kg7 42. Bb5 Kg6 43. Be2 d3 44. Bxd3 Kh5 45. Kf3 Kh4 46. Bxh7 Kxh3 47. Bf5+ Kh4 48. Bd7 Kh5 49. Kg3 Kg6 50. Kg4 1/2-1/2